<?xml version="1.0" encoding="UTF-8"?>
<marc:record xmlns:marc="http://www.loc.gov/MARC21/slim">
   <marc:leader>00000nam a2200000 a 4500</marc:leader>
   <marc:datafield ind1="1" ind2=" " tag="100">
      <marc:subfield code="a">Hartmann, Jörg</marc:subfield>
   </marc:datafield>
   <marc:datafield ind1="1" ind2=" " tag="100">
      <marc:subfield code="a">Terziyan, Sesede</marc:subfield>
   </marc:datafield>
   <marc:datafield ind1="1" ind2=" " tag="100">
      <marc:subfield code="a">Gedeck, Martina</marc:subfield>
   </marc:datafield>
   <marc:datafield ind1="1" ind2=" " tag="100">
      <marc:subfield code="a">Wagner, Christian</marc:subfield>
   </marc:datafield>
   <marc:datafield ind1="0" ind2="0" tag="245">
      <marc:subfield code="a">Das Ende der Geduld [Bildtonträger]</marc:subfield>
   </marc:datafield>
   <marc:datafield ind1="0" ind2="0" tag="245">
      <marc:subfield code="c">ein Film von Christian Wagner. Mit Martina Gedeck, Sesede Terziyan, Jörg Hartmann ...</marc:subfield>
   </marc:datafield>
   <marc:datafield ind1=" " ind2="1" tag="264">
      <marc:subfield code="b">EuroVideo Medien GmbH</marc:subfield>
      <marc:subfield code="c">2016</marc:subfield>
   </marc:datafield>
   <marc:datafield ind1="1" ind2=" " tag="490">
      <marc:subfield code="a">Edition Der wichtige Film</marc:subfield>
   </marc:datafield>
   <marc:datafield ind1="1" ind2=" " tag="520">
      <marc:subfield code="a">Jugendrichterin Cornelia Kleist sieht sich mit einem Fall konfrontiert, der ihr persönlich sehr nahe geht. Nazir, ein 21-jähriger libanesischer Drogenboss, kommt vor Gericht. Dessen noch 13-jähriger Bruder Rafiq wurde von ihm als Kurier in den Einsatz geschickt. Bald wird Rafiq 14 Jahre und strafmündig, doch Corinna Kleist möchte ihm zumindest eine zweite Chance geben. Welche Ausmasse ihr Handeln jedoch hat, kann sie nicht ahnen.</marc:subfield>
   </marc:datafield>
   <marc:datafield ind1=" " ind2=" " tag="020">
      <marc:subfield code="a">4009750211878</marc:subfield>
      <marc:subfield code="9">4009750211878</marc:subfield>
   </marc:datafield>
   <marc:datafield ind1=" " ind2=" " tag="500">
      <marc:subfield code="a">Orig. : Deutschland 2014/2015. Sprache: Deutsch (Dolby Digital 5.1)</marc:subfield>
   </marc:datafield>
   <marc:datafield ind1="0" ind2=" " tag="490">
      <marc:subfield code="v">0</marc:subfield>
   </marc:datafield>
   <marc:datafield ind1=" " ind2=" " tag="300">
      <marc:subfield code="a">1 DVD (89 Min., 15 Min. Bonusmaterial) : farbig</marc:subfield>
   </marc:datafield>
</marc:record>
